Hài kịch của Sechxpia

Sparad:
Bibliografiska uppgifter
Huvudupphovsman: Sechxpia, Uyliơm
Materialtyp: Bok
Taggar: Lägg till en tagg
Inga taggar, Lägg till första taggen!
Thư viện lưu trữ: Mạng thư viện Đại học Đà Nẵng
LEADER 00658nam a2200229 4500
001 000004670
003 811
005 20150812140822.0
008 110803s sd
082 1 |a 821  |b SEC 
100 0 |a Sechxpia, Uyliơm 
245 0 0 |a Hài kịch của Sechxpia  |c Sechxpia, Uyliơm 
774 |a Sechxpia, Uyliơm  |d Văn học  |d H.  |d 1979  |g T.1  |h 182tr  |w 813 
774 |a Sechxpia, Uyliơm  |d Văn học  |d H.  |d 1979  |g T.2  |h 203tr  |w 815 
OWN |a LSP 
999 |a From the UDN01 
TYP |a Monograph 
TYP |a Printed language 
980 |a Mạng thư viện Đại học Đà Nẵng